000 01369cam a22003011i 4500
003 SA-RiAUC
005 20260419123330.0
008 260416s1999 su g 000 0dara c
040 _aSA-JeALM
_bara
_cSA-RiAUC
_erda
050 4 _b.A99 1999
082 0 4 _a232.61
_qSA-RiAUC
090 _a232.61
_bع ز ا
100 1 _aالعزامي، خليل إبراهيم ملا خاطر،
_d1357 هجري-
_eمؤلف.
245 1 0 _aحجية الحديث المرسل عند الإمام الشافعي رحمه الله تعالى /
_cتأليف خليل إبراهيم ملا خاطر.
250 _aالطبعة الاولى.
264 1 _aجدة، المملكة العربية السعودية :
_bدار القبلة للثقافة الإسلامية،
_c1999
300 _a201 صفحة ؛
_c24 سم
336 _aنص
_btxt
_2rdacontent
_3كتاب
337 _aبدون وسيط
_bn
_2rdamedia
338 _aمجلد
_bnc
_2rdacarrier
490 _aمدرسة الإمام الشافعي
_v4
600 1 7 _aالإمام الشافعي، محمد بن إدريس بن العباس،
_d150-204 هجري
_xآراء حول الحديث المرسل
_2aucnm
650 7 _aالحديث المرسل
_2aucsh
650 7 _aالحديث
_xإسناد
_2aucsh
650 7 _aحجية السنة
_2aucsh
942 _2ddc
_cBOOK
_n0
949 _aSA-JeALM
_d260416
_uosman123
_n1
999 _c14814
_d14814